Los maestros que queremos para el Distrito Federal.

Salvato in:
Dettagli Bibliografici
Autore principale: Garfias Reyes, Leonel [et al.] ; comp, (autor)
Ente Autore: México, Secretaría de Educación Pública. Subsecretaría de Educación e Investigación Tecnológicas Secretaría de Educación Pública. Dirección General de Educación Normal y Actualización del Magisterio en el Distrito Federal
Natura: Libro
Lingua:spagnolo
Soggetti:
Tags: Aggiungi Tag
Nessun Tag, puoi essere il primo ad aggiungerne!!

MARC

LEADER 00000cam^a2200000uu^4500
001 000493198
005 20250521000000.0
008 031006s2002^^^^^^^^^^^^rd^r^^000^0^spa^d
009 20260310125457.419
035 |a FCE 000036571 
035 |a FCE 036616 
037 |a Acervo ITESO - Biblioteca 
041 |a spa 
082 0 4 |a 370.71  |b GARm 
100 |a Garfias Reyes, Leonel,  |e [et al.] ; comp  |e (autor) 
245 1 4 |a Los maestros que queremos para el Distrito Federal. 
264 |a México :  |b SEP, DGENAMDF,  |c 2002. 
300 |a 267 p. 
336 |a texto  |b txt  |2 rdacontenido 
337 |a sin mediación  |b n  |2 rdamedio 
338 |a volumen  |b nc  |2 rdasoporte 
611 4 |a Conferencia 
649 |a XX 
650 |a Docentes 
650 |a Futurología de la educación 
650 |a Cambio de la educación 
650 |a Perspectivas 
650 |a Reforma de la educación 
650 |a Magisterio 
650 |a Docencia 
650 |a Ponencia 
650 |a Expectativas educativas 
650 |a Perfil del docente 
650 |a Formación de docentes 
650 |a Educación normal 
650 |a México 
650 |a Distrito Federal, México 
710 |a México, Secretaría de Educación Pública. Subsecretaría de Educación e Investigación Tecnológicas  |b Secretaría de Educación Pública. Dirección General de Educación Normal y Actualización del Magisterio en el Distrito Federal 
910 |a Fondo Centro de Estudios Educativos 
920 |a Impresos - Libros 
930 |a Fondos Especiales 
905 |a 133 
901 |a ALE036616  |b IT2  |c CEE  |u 20250521 
901 |a ALE044699  |b IT2  |c CEE  |u 20250521 
902 |a https://opac.biblio.iteso.mx/vufind/Record/000493198